Musical Quiz - Statistiken

Allgemein
  • Dieses Quiz wurde 75 mal gespielt
  • Das Durchschnittsergebnis liegt bei 8 aus 12
Antwortstatistiken
Tipp Musical % Korrekt
Der Junge Löwe SImba ist dazu bestimmt, König der Savanne zu werden Der König der Löwen
98%
Ein Phantom in den Katakomben der Pariser Oper verliebt sich in die Sängerin Christine Das Phantom der Oper
94%
Basierend auf dem Disneyfilm über die Schwestern Ana und Elsa Die Eiskönigin
85%
Ein Junge, dessen Eltern bei einem Schiffsunglück sterben wird von Menschenaffen aufgezogen Tarzan
80%
Basierend auf Gedichten aus "Old Possum´s Book of Practical Cats" von T.S. Eliot Cats
78%
Die Darsteller fahren auf Rollschuhen über die Bühne Starlight Express
78%
Spielt auf einer griechischen Insel, wo eine alleinerziehende Mutter kurz davor ist, zu heiraten und ihren leiblichen Vater kennenlernen möchte. Mamma Mia
68%
Vorgeschichte von "Der Zauberer von Oz" Wicked
60%
"Totale Finsternis" ist eines der bekanntesten Lieder dieses Musicals Tanz der Vampire
54%
Erzählt von Liebe, Politik und Revolution im Frankreich des 19. Jahrhunderts Les Miserables
46%
Tragische Geschichte einer Österreichischen Kaiserin und ihrer Beziehung mit dem Kaiser Elisabeth
43%
Basierend auf einem Roman von Victor Hugo und einem DIsney-Zeichentrickfilm Der Glöckner von Notre Dame
38%
Keine übereinstimmenden Quizze gefunden
Verteilung der Resultate
Anzahl Personen mit jedem Resultat
Perzentil nach korrekt beantworteten Fragen
Ihre Resultats-Entwicklung
Sie haben dieses Quiz noch nicht gespielt